LEADER 01050nam--2200373---4500 001 990000991650203316 005 20050214111109.0 010 $a88-420-3351-0 035 $a0099165 035 $aUSA010099165 035 $a(ALEPH)000099165USA01 035 $a0099165 100 $a20020225d1989----km-y0ENGy0103----ba 101 $aita 102 $aIT 200 1 $aIntroduzione a Capuana$fdi Anna Storti Abate 210 $aRoma$cLaterza$d1989 215 $a162 p.$d18 cm 225 2 $aGli scrittori$v7 410 $12001$aGli scrittori$v7 606 $aCapuana, Luigi 676 $a853.8 700 1$aSTORTI ABATE,$bAnna$0170822 801 0$aIT$bsalbc$gISBD 912 $a990000991650203316 951 $aVI.3.A. 630(VARIE COLL.982/7)$b128990 LM$cVARIE COLL. 959 $aBK 969 $aUMA 979 $aPATTY$b90$c20020225$lUSA01$h1736 979 $c20020403$lUSA01$h1741 979 $aPATRY$b90$c20040406$lUSA01$h1708 979 $aCOPAT2$b90$c20050214$lUSA01$h1111 996 $aIntroduzione a Capuana$9488677 997 $aUNISA